000 01032cam a2200265 4500
008 090401t1995 xxu||||| |||| 00| 0 eng d
020 _a1873394144
035 _a(Sirsi) u48017
041 _aeng
050 _a693.1
100 _aHill, P.R.
245 _aPractical stone masonry.
260 _aLondon
_bDonhead Publishing Limited
_c1995
300 _axi,276p. : ill. ; 24cm.
350 _a32
520 _aThis book covers the basic methods of working stone, the making of specialised tools, and for the first time, a full analysis of the procedures for setting-out for repairs. A broad description of the nature and problems of stone also includes guidance on selection. In addition, the authors look at the causes of decay in stone and outline methods for repair of both stone and mortar.
650 _aBANKER SHOP
650 _aCLEANING
650 _aSETTING-OUT
650 _aSTONE MASONRY
690 _aBUILT ENVIRONMENT-BUILDING MATERIALS
700 _aDavid, J.C.E.
942 _n0
948 _c04/03/1997
999 _c92263
_d92263